Využitie Industry 4.0 v tvárniacich procesoch

Enregistré dans:
Détails bibliographiques
Auteur principal: Sládková, Nicolette (Auteur)
Autres auteurs: Necpal, Martin (Directeur de thèse)
Format: Manuscrit Livre
Langue:slovaque
Publié: 2019
Sujets:
Accès en ligne:http://is.stuba.sk/zp/portal_zp.pl?podrobnosti=153345
Tags: Ajouter un tag
Pas de tags, Soyez le premier à ajouter un tag!

MARC

LEADER 00000ntm a22000003a 4500
001 stuzp72933
003 SK-STU
005 20190622211111.2
007 ta
008 150427s2015----xo-----f-mn---000-0-slo-d
040 |a STU  |b slo 
041 0 |a slo 
100 1 |a Sládková, Nicolette  |u 063000  |4 aut  |U MTF Materiálovotechnologická fakulta  |T MTF Ústav výrobných technológií  |X 71763  |U M3000  |Y 83  |7 71763 
242 0 1 |a Usage Industry 4.0 in forming processes  |y eng 
245 1 0 |a Využitie Industry 4.0 v tvárniacich procesoch 
260 |c 2019 
650 4 |a Industry 4.0  |2 slo 
650 4 |a tvárniace procesy  |2 slo 
650 4 |a podnik budúcnosti  |2 slo 
650 4 |a Industry 4.0  |2 eng 
650 4 |a molding processes  |2 eng 
650 4 |a enterprise of the future  |2 eng 
700 1 |a Necpal, Martin  |u 063200  |k Z1  |4 ths  |U MTF Ústav výrobných technológií  |T MTF Katedra obrábania a počítačovej podpory technológií  |X 20985  |U M3200  |Y 164  |7 A000020985 
856 4 |u http://is.stuba.sk/zp/portal_zp.pl?podrobnosti=153345 
996 |c M* BP-8671  |l MMSKP  |s P  |a 0  |w stuzp72933_0001